000 00548nam a2200217 a 4500
001 13484
003 CO-ViMGA
008 141112s2004 ck r 000 u spa d
020 _a8434221292
040 _aCO-ViMGA
_bspa
_cCO-ViMGA
082 0 4 _aCANt
100 1 _aCanal, Fernanda
_919650
245 1 0 _aLos tres cerditos
250 _a3
260 _aBarcelona,
_cParramon,
_c2000
300 _a48. ils
490 _aTrabaja tu cuentp
650 1 4 _aCUENTOS INFANTILES
_92743
650 1 4 _aTRABAJOS MANUALES(educación)
_919651
942 _2ddc
_cBK
999 _c24211
_d24211